000 00685nam a2200181Ia 4500
008 090123s9999 xx 000 0 und d
082 _b8465
100 _aटोळ दत्ता श्री
245 _aचतुर बिरबलाच्या चातुर्यकथा
250 _a1
260 _bकेमकर प्रकाशन
_c1981
300 _a24
600 _aटोळ दत्ता श्री
630 _aचतुर बिरबलाच्या चातुर्यकथा
700 _aटोळ दत्ता श्री
730 _aचतुर बिरबलाच्या चातुर्यकथा
942 _cBOOK
999 _c46531
_d46531